000 01292cam a22003617a 4500
003 CHAP
005 20220329142555.0
008 011214d2001 mx d r 00110 spa d
010 _a85142
011 _a86114
035 _a96652
040 _cCHAP
090 _aTesis
100 0 0 _aMendoza Castelán, Guillermo.
_974621
245 1 0 _aMedicina tradicional y plantas medicinales en México
_c/por Guillermo Mendoza Castelán
260 _aChapingo, Méx. :
_bEl autor,
_c2001.
300 _a423 h. :
_bcuadros
502 _aTesis (Dr. en Ciencias en Ciencias Agrarias ) -- UACH. Departamento de Sociología Rural
590 _aALEPH
_b10
_c20130110
_lUCH01
_h1445
590 _aBATCH-UPD
_b10
_c20130110
_lUCH01
_h0905
590 _aBATCH-UPD
_b10
_c20130410
_lUCH01
_h0532
590 _aBATCH-UPD
_b10
_c20130914
_lUCH01
_h0737
590 _aCONVERSION
_b10
_c20130109
_lUCH01
_h1347
650 1 4 _aBotánica médica.
_914680
650 1 4 _aBotánica
_zMéxico.
_914641
650 1 4 _aIndios de México
_xMedicina.
_957633
650 1 4 _aMateria médica mexicana.
_972930
901 _aBK
905 _aMarco A. Mendoza T.
942 _cFOLL
949 _aTesis
_bBC
_cTES
_d33724000858239
_eTS2
_fc.2
_gDonaciØn
_h38859
_i96652
_si
949 _aTesis
_bBC
_cTES
_d966521
_eTS1
_gDonaciØn
_h38858
_i96652
_sb
999 _c85142
_d85142